00442nam a2200145Ia 4500100001900000942000700019654001300026245006600039260003300105082001300138300000800151546001200159999001700171952010800188 aSiegel/ H..J.  cBK aComputer aInte connections networks for large scale parallel processing bMc Graw HillaNew Yorkc1992 a621.3851 a390 aENGLISH c34547d34547 001040708CRCaCRCEbCRCEd2023-03-17g496.34l0o621.3851 p4935r2023-03-17v496.34w2023-03-17yBK